000 00253nam a22001097a 4500
005 20230724124010.0
008 230724b |||||||| |||| 00| 0 eng d
245 _aCURRENT AFFAIRS TODAY
260 _c2023
650 _aMONTHLY MAGAZINE
_97861
942 _cJRL
999 _c8326
_d8324